Normal view
MARC view
- Pitkänen, Lea
Entry Nombre Personal
001 - NUMERO DE CONTROL
- campo de control: 52938
003 - IDENTIFICADOR DE NUMERO DE CONTROL
- campo de control: MX-MxUPN
005 - FECHA Y HORA DE LA ÜLTIMA TRANSACCIÓN
- campo de control: 20240808094914.0
008 - DATOS DE LONGITUD FIJA
- campo de control de longitud fija: 240808|| aca||aabn | aaa d
010 ## - NÚMERO DE CONTROL DE LA BIBLIOTECA DEL CONGRESO
- Número de control LC: no2010059260
035 ## - NUMERO DE CONTROL
- Número de control: (OCoLC)oca08455186
040 ## - FUENTE DE CATALOGACIÓN
- Agencia original de catalogación: SaPrUSA
- Lenguaje de catalogación: spa
- Agencia de transcripción: SaPrUSA
- Agencia que lo modifica: MX-MxUPN
100 1# - ENCABEZAMIENTO - NOMBRE PERSONAL
- Nombre personal: Pitkänen, Lea
670 ## - FUENTE EN LA QUE SE LOCALIZARON DATOS
- Cita de la fuente: LC, 08 agosto 2024 :
- Información localizada: (Pitkänen, Lea)
- Uniform Resource Identifier: https://lccn.loc.gov/no2010059260
902 ## - CATALOGADOR
- Catalogador: MaríaRobles/080824
